[Event "Istanbul Open 2019"]
[Site "Istanbul"]
[Date "2019.08.30"]
[Round "6.10"]
[White "Caglar, Ahmet Ata"]
[Black "Ozbay, Ece"]
[Result "0-1"]
[WhiteElo "2055"]
[BlackElo "2125"]
[Annotator "NA"]
[PlyCount "84"]
[EventDate "2019.08.26"]
[EventType "swiss"]
[EventCountry "TUR"]
[SourceTitle "playchess.com"]
[Source "ChessBase"]
[SourceQuality "1"]
[TimeControl "5400+30"]

1. e4 c5 2. Nc3 Nc6 3. Nf3 e6 4. Bb5 Qc7 5. O-O d6 6. Re1 Bd7 7. b3 Be7 8. Bb2 Bf6 9. Bxc6 Bxc6 10. Nd5 Bxd5 11. Bxf6 Nxf6 12. exd5 Nxd5 13. d4 O-O 14. c4 Ne7 15. Qd3 Ng6 16. h4 h6 17. Re4 e5 18. dxc5 {[%emt 0:28:00]} Qxc5 {[%emt 0:57:00]} 19. Rg4 {[%emt 0:01:30]} Nf4 {[%emt 0:02:30]} 20. Qd2 {[%emt 0:01:30]} f5 {[%emt 0:05:30]} 21. Rg3 {[%emt 0:00:30]} Rf6 {[%emt 0:02:30]} 22. Rd1 {[%emt 0:07:30]} Re8 {[%emt 0:06:30]} 23. Ne1 {[%emt 0:01:30]} Nh5 {[%emt 0:02:30]} 24. Rd3 {[%emt 0:00:30]} Ree6 {[%emt 0:02:30]} 25. Rd5 {[%emt 0:10:30]} Qc6 {[%emt 0:05:25]} 26. Nd3 {[%emt 0:00:30]} Rg6 {[%emt 0:01:47]} 27. Qe2 {[%emt 0:03:30]} Rg4 {[%emt 0:04:36]} 28. f3 {[%emt 0:04:30]} Rgg6 {[%emt 0:01:35]} 29. Qf2 {[%emt 0:02:30]} b6 {[%emt 0:03:59]} 30. Rb5 {[%emt 0:02:30]} Qe8 {[%emt 0:02:41]} 31. f4 {[%emt 0:18:30]} e4 {[%emt 0:01:57]} 32. Nc1 {[%emt 0:00:00]} e3 {[%emt 0:00:10]} 33. Qf3 {[%emt 0:00:00]} Rg3 {[%emt 0:00:00]} 34. Qb7 {[%emt 0:01:30]} e2 {[%emt 0:00:54]} 35. Re1 {[%emt 0:00:30]} Nxf4 {[%emt 0:00:11]} 36. Rxf5 {[%emt 0:01:30]} Nxg2 {[%emt 0:00:37]} 37. Nxe2 {[%emt 0:01:30]} Rxe2 {[%emt 0:03:04]} 38. Rxe2 {[%emt 0:00:30]} Qxe2 {[%emt 0:00:14]} 39. Qf7+ {[%emt 0:01:10]} Kh7 {[%emt 0:00:30]} 40. Kh2 {[%emt 0:00:20]} Rg6 {[%emt 0:00:48]} 41. Rf2 {[%emt 0:00:46]} Qe5+ {[%emt 0:00:02]} 42. Kh1 {[%emt 0:00:14]} Nxh4 {[%emt 0:00:35]} 0-1

[Event "Istanbul Open 2019"]
[Site "Istanbul"]
[Date "2019.08.30"]
[Round "6.11"]
[White "Oner, Oguz"]
[Black "Ozer, Omer Faruk"]
[Result "0-1"]
[WhiteElo "1997"]
[BlackElo "2357"]
[Annotator "NA"]
[PlyCount "82"]
[EventDate "2019.08.26"]
[EventType "swiss"]
[EventCountry "TUR"]
[SourceTitle "playchess.com"]
[Source "ChessBase"]
[SourceQuality "1"]
[TimeControl "5400+30"]

1. d4 Nf6 2. c4 e6 3. Nf3 b6 4. g3 c6 5. Bg2 Be7 6. Nfd2 d5 7. e4 Ba6 8. e5 Nfd7 9. Nc3 b5 10. b3 {[%emt 0:49:00]} Bb4 {[%emt 0:00:00]} 11. Qc2 {[%emt 0:04:30]} bxc4 {[%emt 0:37:30]} 12. bxc4 {[%emt 0:03:30]} Nb6 {[%emt 0:00:30]} 13. cxd5 {[%emt 0:08:30]} exd5 {[%emt 0:08:30]} 14. a3 {[%emt 0:02:30]} Be7 {[%emt 0:00:30]} 15. Bf1 {[%emt 0:03:30]} O-O {[%emt 0:07:30]} 16. Bxa6 {[%emt 0:04:30]} Nxa6 {[%emt 0:00:30]} 17. Qd3 {[%emt 0:01:30]} Nc7 {[%emt 0:02:30]} 18. O-O {[%emt 0:01:30]} Ne6 {[%emt 0:00:30]} 19. f4 {[%emt 0:02:10]} f5 {[%emt 0:03:30]} 20. a4 {[%emt 0:03:24]} c5 {[%emt 0:02:30]} 21. dxc5 {[%emt 0:03:29]} Nxc5 {[%emt 0:02:30]} 22. Qf3 {[%emt 0:01:12]} d4 {[%emt 0:00:00]} 23. Nb5 {[%emt 0:01:16]} a6 {[%emt 0:03:00]} 24. Na3 {[%emt 0:00:44]} d3 {[%emt 0:00:30]} 25. Rb1 {[%emt 0:03:37]} Nbxa4 {[%emt 0:00:30]} 26. Rb4 {[%emt 0:02:11]} Nc3 {[%emt 0:01:30]} 27. Rc4 {[%emt 0:03:41]} N5e4 {[%emt 0:00:30]} 28. Nab1 {[%emt 0:01:10]} Nxb1 {[%emt 0:00:30]} 29. Nxb1 {[%emt 0:00:30]} Qb6+ {[%emt 0:00:30]} 30. Be3 {[%emt 0:00:30]} Qb5 {[%emt 0:00:30]} 31. Rfc1 {[%emt 0:00:34]} Rfd8 {[%emt 0:02:30]} 32. Nd2 {[%emt 0:00:46]} Ba3 {[%emt 0:00:30]} 33. Nxe4 {[%emt 0:01:36]} fxe4 {[%emt 0:00:00]} 34. Qxe4 {[%emt 0:00:19]} Bxc1 {[%emt 0:00:00]} 35. Rxc1 {[%emt 0:00:13]} Rac8 {[%emt 0:01:30]} 36. Rd1 {[%emt 0:00:28]} Qb3 {[%emt 0:02:30]} 37. Rd2 {[%emt 0:01:07]} Rc2 {[%emt 0:00:30]} 38. Kf2 {[%emt 0:00:30]} Qc3 {[%emt 0:00:30]} 39. Ke1 {[%emt 0:00:25]} Qa1+ {[%emt 0:00:30]} 40. Kf2 {[%emt 0:00:15]} Qc3 {[%emt 0:02:30]} 41. Ke1 {[%emt 0:00:16]} Rb2 {[%emt 0:00:30]} 0-1

[Event "Istanbul Open 2019"]
[Site "Istanbul"]
[Date "2019.08.30"]
[Round "6.12"]
[White "Ozdemir, Serhan Berat"]
[Black "Aliakbarov, Anar"]
[Result "1-0"]
[WhiteElo "1978"]
[BlackElo "2265"]
[Annotator "NA"]
[PlyCount "73"]
[EventDate "2019.08.26"]
[EventType "swiss"]
[EventCountry "TUR"]
[SourceTitle "playchess.com"]
[Source "ChessBase"]
[SourceQuality "1"]
[TimeControl "5400+30"]

1. e4 e5 2. Nf3 Nc6 3. d4 exd4 4. Bc4 Bc5 5. c3 Nf6 6. e5 d5 7. Bb5 Ne4 8. cxd4 Bb6 9. h3 O-O 10. Be3 Bd7 11. Bxc6 Bxc6 12. O-O f6 13. Nc3 Nxc3 14. bxc3 Bb5 15. Re1 c6 16. Bf4 a5 17. a4 Ba6 18. e6 Re8 19. Nh4 Bc7 20. Bxc7 Qxc7 21. Qg4 g6 22. Re3 {[%emt 0:29:00]} Kh8 {[%emt 0:49:00]} 23. Rae1 {[%emt 0:02:30]} Qg7 {[%emt 0:05:30]} 24. e7 {[%emt 0:02:30]} f5 {[%emt 0:01:30]} 25. Qg5 {[%emt 0:01:30]} f4 {[%emt 0:07:30]} 26. Rf3 {[%emt 0:19:30]} b5 {[%emt 0:05:30]} 27. Re6 {[%emt 0:00:30]} bxa4 {[%emt 0:01:30]} 28. Nxg6+ {[%emt 0:16:30]} Kg8 {[%emt 0:00:30]} 29. Rf6 {[%emt 0:05:30]} a3 {[%emt 0:01:30]} 30. R3xf4 {[%emt 0:02:30]} a2 {[%emt 0:02:30]} 31. Rf8+ {[%emt 0:00:30]} Rxf8 {[%emt 0:00:30]} 32. exf8=Q+ {[%emt 0:00:00]} Rxf8 {[%emt 0:00:30]} 33. Ne7+ {[%emt 0:01:00]} Kh8 {[%emt 0:01:30]} 34. Rxf8+ {[%emt 0:00:30]} Qxf8 {[%emt 0:00:30]} 35. Qe5+ {[%emt 0:00:00]} Qg7 {[%emt 0:00:00]} 36. Qb8+ {[%emt 0:00:00]} Qg8 {[%emt 0:00:00]} 37. Qxg8# {[%emt 0:00:00]} 1-0

[Event "Istanbul Open 2019"]
[Site "Istanbul"]
[Date "2019.08.30"]
[Round "6.13"]
[White "Annaberdiyev, Babageldi"]
[Black "Onem, Uzay Altay"]
[Result "1/2-1/2"]
[WhiteElo "2242"]
[BlackElo "1997"]
[Annotator "NA"]
[PlyCount "36"]
[EventDate "2019.08.26"]
[EventType "swiss"]
[EventCountry "TUR"]
[SourceTitle "playchess.com"]
[Source "ChessBase"]
[SourceQuality "1"]
[TimeControl "5400+30"]

1. Nf3 Nf6 2. d4 e6 3. g3 b6 4. Bg2 Bb7 5. O-O c5 6. c3 cxd4 7. cxd4 Be7 8. Nc3 d5 9. Bf4 O-O 10. Rc1 Nc6 11. Ne5 Rc8 12. Nxc6 Rxc6 13. Qa4 Qd7 14. e4 dxe4 15. Nxe4 Nd5 16. Bd2 a6 17. Nc3 b5 18. Qb3 Nxc3 {[%emt 0:37:00]} 1/2-1/2

[Event "Istanbul Open 2019"]
[Site "Istanbul"]
[Date "2019.08.30"]
[Round "6.14"]
[White "Demirbas, Emre"]
[Black "Bayramov, Elvin"]
[Result "1/2-1/2"]
[WhiteElo "1879"]
[BlackElo "2198"]
[Annotator "NA"]
[PlyCount "102"]
[EventDate "2019.08.26"]
[EventType "swiss"]
[EventCountry "TUR"]
[SourceTitle "playchess.com"]
[Source "ChessBase"]
[SourceQuality "1"]
[TimeControl "5400+30"]

1. Nf3 Nf6 2. c4 c5 3. g3 g6 4. b3 Bg7 5. Bb2 Nc6 6. Bg2 O-O 7. d4 cxd4 8. Nxd4 d5 9. cxd5 Nxd5 10. Nxc6 bxc6 11. Bxg7 Kxg7 12. O-O e5 13. Qc2 Qe7 14. Nc3 Bf5 15. Qb2 Nb6 16. Rfd1 Rac8 17. Rac1 Kg8 18. Ne4 Bxe4 19. Bxe4 c5 20. h4 Rfd8 21. h5 f5 22. Bd3 {[%emt 0:47:00]} Rd4 {[%emt 0:32:00]} 23. e3 {[%emt 0:04:30]} Rd6 {[%emt 0:02:30]} 24. Qc2 {[%emt 0:02:30]} Kg7 {[%emt 0:01:30]} 25. Ba6 {[%emt 0:04:30]} Rc7 {[%emt 0:01:30]} 26. Rxd6 {[%emt 0:00:30]} Qxd6 {[%emt 0:00:30]} 27. Rd1 {[%emt 0:01:30]} Qf6 {[%emt 0:01:30]} 28. hxg6 {[%emt 0:01:30]} hxg6 {[%emt 0:00:30]} 29. Bb5 {[%emt 0:02:30]} e4 {[%emt 0:03:30]} 30. a4 {[%emt 0:02:30]} Nc8 {[%emt 0:01:30]} 31. Rd5 {[%emt 0:04:30]} Qe7 {[%emt 0:09:30]} 32. Qc3+ {[%emt 0:01:30]} Kh7 {[%emt 0:02:30]} 33. Kg2 {[%emt 0:03:30]} Nd6 {[%emt 0:04:30]} 34. Rd1 {[%emt 0:03:30]} Nf7 {[%emt 0:02:30]} 35. Rh1+ {[%emt 0:05:30]} Nh6 {[%emt 0:00:00]} 36. Qd2 {[%emt 0:03:27]} Rc8 {[%emt 0:03:00]} 37. Rd1 {[%emt 0:01:22]} Nf7 {[%emt 0:00:30]} 38. Qa5 {[%emt 0:02:07]} Rd8 {[%emt 0:02:30]} 39. Rxd8 {[%emt 0:00:48]} Nxd8 {[%emt 0:00:30]} 40. Bc4 {[%emt 0:00:00]} Nc6 {[%emt 0:00:00]} 41. Qb5 {[%emt 0:02:08]} Ne5 {[%emt 0:03:00]} 42. a5 {[%emt 0:01:38]} Kh6 {[%emt 0:03:30]} 43. a6 {[%emt 0:04:42]} Nf3 {[%emt 0:00:30]} 44. Be2 {[%emt 0:00:43]} Ne1+ {[%emt 0:02:30]} 45. Kf1 {[%emt 0:01:06]} Nc2 {[%emt 0:00:00]} 46. Qb7 {[%emt 0:02:20]} Qg7 {[%emt 0:00:00]} 47. Kg2 {[%emt 0:01:58]} Ne1+ {[%emt 0:02:30]} 48. Kh2 {[%emt 0:01:15]} Qb2 {[%emt 0:00:30]} 49. Qb8 {[%emt 0:01:53]} Qg7 {[%emt 0:03:30]} 50. Qb7 {[%emt 0:00:18]} Nd3 {[%emt 0:02:30]} 51. Kg2 {[%emt 0:02:07]} Ne1+ {[%emt 0:04:30]} 1/2-1/2

[Event "Istanbul Open 2019"]
[Site "Istanbul"]
[Date "2019.08.30"]
[Round "6.15"]
[White "Yalcinkaya, Efe"]
[Black "Ahmadov, Vusal"]
[Result "1-0"]
[WhiteElo "1542"]
[BlackElo "1775"]
[Annotator "NA"]
[PlyCount "67"]
[EventDate "2019.08.26"]
[EventType "swiss"]
[EventCountry "TUR"]
[SourceTitle "playchess.com"]
[Source "ChessBase"]
[SourceQuality "1"]
[TimeControl "5400+30"]

1. e4 e5 2. Nf3 Nc6 3. Bb5 Nge7 4. c3 g6 5. O-O Bg7 6. d4 exd4 7. cxd4 d5 8. e5 O-O 9. h3 f6 10. exf6 Rxf6 11. Bxc6 bxc6 12. Bg5 Rf7 13. Nc3 h6 14. Bh4 g5 15. Bg3 Ng6 {[%emt 0:33:30]} 16. Re1 {[%emt 0:52:00]} g4 {[%emt 0:05:30]} 17. hxg4 {[%emt 0:03:30]} Bxg4 {[%emt 0:00:30]} 18. Qd3 {[%emt 0:02:30]} Bf5 {[%emt 0:12:30]} 19. Qd2 {[%emt 0:00:30]} Qf6 {[%emt 0:03:30]} 20. Ne5 {[%emt 0:06:30]} Nxe5 {[%emt 0:00:30]} 21. dxe5 {[%emt 0:00:00]} Qg6 {[%emt 0:00:30]} 22. Ne2 {[%emt 0:04:00]} h5 {[%emt 0:01:30]} 23. Nf4 {[%emt 0:02:30]} Qg4 {[%emt 0:01:30]} 24. e6 {[%emt 0:01:30]} Re7 {[%emt 0:00:30]} 25. Qe2 {[%emt 0:00:30]} Qxe2 {[%emt 0:07:30]} 26. Rxe2 {[%emt 0:00:30]} Rb8 {[%emt 0:01:30]} 27. Rc1 {[%emt 0:02:30]} Rxb2 {[%emt 0:01:30]} 28. Rxb2 {[%emt 0:01:30]} Bxb2 {[%emt 0:00:30]} 29. Rxc6 {[%emt 0:00:00]} d4 {[%emt 0:04:30]} 30. Bh4 {[%emt 0:00:00]} Re8 {[%emt 0:00:30]} 31. Rxc7 {[%emt 0:07:48]} a5 {[%emt 0:11:12]} 32. Bf6 {[%emt 0:00:56]} Bxe6 {[%emt 0:00:33]} 33. Rg7+ {[%emt 0:00:06]} Kh8 {[%emt 0:01:35]} 34. Ng6# {[%emt 0:00:10]} 1-0

[Event "Istanbul Open 2019"]
[Site "Istanbul"]
[Date "2019.08.30"]
[Round "6.16"]
[White "Metin, Enis"]
[Black "Ahmadov, Orkhan"]
[Result "0-1"]
[WhiteElo "1749"]
[BlackElo "1615"]
[Annotator "NA"]
[PlyCount "132"]
[EventDate "2019.08.26"]
[EventType "swiss"]
[EventCountry "TUR"]
[SourceTitle "playchess.com"]
[Source "ChessBase"]
[SourceQuality "1"]
[TimeControl "5400+30"]

1. e4 c5 2. Nf3 e6 3. b4 cxb4 4. a3 Nf6 5. e5 Nd5 6. axb4 Bxb4 7. c3 Be7 8. d4 d6 9. Bd3 Nd7 10. O-O {[%emt 0:05:00]} O-O {[%emt 1:13:00]} 11. Bd2 {[%emt 0:01:30]} dxe5 {[%emt 0:09:04]} 12. dxe5 {[%emt 0:00:30]} a6 {[%emt 0:05:58]} 13. Na3 {[%emt 0:00:30]} Re8 {[%emt 0:05:13]} 14. Qe2 {[%emt 0:00:30]} Nc5 {[%emt 0:01:02]} 15. Bc2 {[%emt 0:00:00]} Bd7 {[%emt 0:01:11]} 16. Rfd1 {[%emt 0:01:00]} Qc7 {[%emt 0:01:32]} 17. c4 {[%emt 0:00:30]} Nb6 {[%emt 0:00:01]} 18. Ba5 {[%emt 0:00:00]} Bc6 {[%emt 0:00:31]} 19. Rab1 {[%emt 0:00:00]} Ncd7 {[%emt 0:00:09]} 20. Rd3 {[%emt 0:18:30]} Bxf3 {[%emt 0:01:27]} 21. Rxf3 {[%emt 0:00:00]} Bxa3 {[%emt 0:00:24]} 22. Bxh7+ {[%emt 0:02:00]} Kxh7 {[%emt 0:00:43]} 23. Rxa3 {[%emt 0:01:30]} Qxe5 {[%emt 0:00:35]} 24. Rh3+ {[%emt 0:00:30]} Kg8 {[%emt 0:00:03]} 25. Qxe5 {[%emt 0:01:30]} Nxe5 {[%emt 0:00:01]} 26. Bxb6 {[%emt 0:00:30]} Nxc4 {[%emt 0:00:30]} 27. Bd4 {[%emt 0:00:00]} e5 {[%emt 0:00:00]} 28. Ba1 {[%emt 0:00:00]} b5 {[%emt 0:00:16]} 29. Rg3 {[%emt 0:00:30]} f6 {[%emt 0:00:00]} 30. f4 {[%emt 0:00:00]} Kf7 {[%emt 0:00:45]} 31. fxe5 {[%emt 0:00:00]} Nxe5 {[%emt 0:00:03]} 32. Bxe5 {[%emt 0:00:30]} Rxe5 {[%emt 0:00:36]} 33. Rc1 {[%emt 0:00:30]} Rae8 {[%emt 0:00:00]} 34. Rc7+ {[%emt 0:00:30]} R8e7 {[%emt 0:00:00]} 35. Rc6 {[%emt 0:00:00]} Re1+ {[%emt 0:00:28]} 36. Kf2 {[%emt 0:00:00]} R7e2+ {[%emt 0:00:00]} 37. Kf3 {[%emt 0:00:30]} Re3+ {[%emt 0:00:00]} 38. Kf2 {[%emt 0:00:00]} Rxg3 {[%emt 0:00:00]} 39. Kxg3 {[%emt 0:00:00]} Re6 {[%emt 0:00:00]} 40. Rc7+ {[%emt 0:00:00]} Kg6 {[%emt 0:00:02]} 41. Rb7 {[%emt 0:01:00]} f5 {[%emt 0:01:16]} 42. Kf3 {[%emt 0:00:30]} Kf6 {[%emt 0:00:11]} 43. h3 {[%emt 0:00:30]} g5 {[%emt 0:00:24]} 44. g3 {[%emt 0:00:00]} Rc6 {[%emt 0:00:26]} 45. Ke3 {[%emt 0:01:00]} Ke5 {[%emt 0:00:07]} 46. Rg7 {[%emt 0:00:00]} f4+ {[%emt 0:00:22]} 47. gxf4+ {[%emt 0:00:00]} gxf4+ {[%emt 0:00:30]} 48. Ke2 {[%emt 0:00:30]} Rc2+ {[%emt 0:02:15]} 49. Kd3 {[%emt 0:00:00]} Rh2 {[%emt 0:00:00]} 50. Rg5+ {[%emt 0:00:00]} Kf6 {[%emt 0:01:02]} 51. Rh5 {[%emt 0:00:30]} Ra2 {[%emt 0:00:00]} 52. Ke4 {[%emt 0:00:00]} Ra4+ {[%emt 0:00:38]} 53. Kf3 {[%emt 0:00:00]} Kg6 {[%emt 0:01:02]} 54. Rc5 {[%emt 0:00:00]} Kf6 {[%emt 0:01:41]} 55. h4 {[%emt 0:00:00]} b4 {[%emt 0:02:53]} 56. Rc4 {[%emt 0:00:30]} a5 {[%emt 0:00:24]} 57. Kxf4 {[%emt 0:00:00]} Ra1 {[%emt 0:01:12]} 58. Rc6+ {[%emt 0:00:00]} Kg7 {[%emt 0:00:00]} 59. Rb6 {[%emt 0:00:30]} Rb1 {[%emt 0:00:11]} 60. Kg5 {[%emt 0:01:30]} a4 {[%emt 0:00:45]} 61. Rb7+ {[%emt 0:00:00]} Kf8 {[%emt 0:00:07]} 62. h5 {[%emt 0:00:00]} a3 {[%emt 0:00:54]} 63. h6 {[%emt 0:00:00]} a2 {[%emt 0:00:30]} 64. h7 {[%emt 0:00:00]} Rh1 {[%emt 0:00:52]} 65. Ra7 {[%emt 0:00:30]} b3 {[%emt 0:00:11]} 66. Kf6 {[%emt 0:00:30]} Rh6+ {[%emt 0:00:04]} 0-1

[Event "Istanbul Open 2019"]
[Site "Istanbul"]
[Date "2019.08.30"]
[Round "6.17"]
[White "Pektas, Gokdeniz"]
[Black "Yilmaz, Hasan"]
[Result "1-0"]
[WhiteElo "1652"]
[BlackElo "1580"]
[Annotator "NA"]
[PlyCount "59"]
[EventDate "2019.08.26"]
[EventType "swiss"]
[EventCountry "TUR"]
[SourceTitle "playchess.com"]
[Source "ChessBase"]
[SourceQuality "1"]
[TimeControl "5400+30"]

1. d4 d5 2. Nf3 Nf6 3. e3 c5 4. b3 Bg4 5. h3 Bh5 6. g4 Bg6 7. Ne5 Nbd7 8. Bg2 e6 9. h4 h6 10. Nxg6 fxg6 11. Qd3 Kf7 12. Nd2 cxd4 13. exd4 Bd6 14. Bb2 Nxg4 15. O-O-O h5 16. Rh3 Nh6 17. Re1 Nf6 18. Nf3 Bf4+ 19. Kb1 Nf5 20. Bc1 Bxc1 21. Kxc1 {[%emt 0:26:30]} Nh7 {[%emt 1:04:30]} 22. Ne5+ {[%emt 0:00:00]} Kf6 {[%emt 0:00:30]} 23. Nxg6 {[%emt 0:04:00]} Qa5 {[%emt 0:07:30]} 24. Re5 {[%emt 0:03:30]} Rhe8 {[%emt 0:04:30]} 25. Nf4 {[%emt 0:00:30]} g6 {[%emt 0:01:30]} 26. Rg3 {[%emt 0:02:30]} Nf8 {[%emt 0:00:30]} 27. Bxd5 {[%emt 0:02:30]} Qa3+ {[%emt 0:02:30]} 28. Kb1 {[%emt 0:00:30]} exd5 {[%emt 0:00:30]} 29. Rxg6+ {[%emt 0:00:00]} Nxg6 {[%emt 0:02:42]} 30. Qxf5+ {[%emt 0:00:00]} 1-0

[Event "Istanbul Open 2019"]
[Site "Istanbul"]
[Date "2019.08.30"]
[Round "6.18"]
[White "Aslan, Nevzat"]
[Black "Can, Ilhan"]
[Result "1/2-1/2"]
[WhiteElo "1680"]
[BlackElo "1683"]
[Annotator "NA"]
[PlyCount "38"]
[EventDate "2019.08.26"]
[EventType "swiss"]
[EventCountry "TUR"]
[SourceTitle "playchess.com"]
[Source "ChessBase"]
[SourceQuality "1"]
[TimeControl "5400+30"]

1. c4 Nf6 2. g3 c5 3. Nf3 e6 4. d4 cxd4 5. Nxd4 a6 6. Bg2 Nc6 7. O-O Be7 8. Nc3 O-O 9. e4 Qc7 10. Nc2 d6 11. b3 Bd7 12. Bb2 Rac8 13. Kh1 Qb8 14. f4 b5 {[%emt 0:21:00]} 15. cxb5 {[%emt 1:01:30]} axb5 {[%emt 0:00:30]} 16. b4 {[%emt 0:00:30]} Rfd8 {[%emt 0:00:30]} 17. a3 {[%emt 0:01:30]} Na7 {[%emt 0:05:30]} 18. Qe2 {[%emt 0:02:30]} Bc6 {[%emt 0:00:30]} 19. Nd4 {[%emt 0:00:30]} Be8 {[%emt 0:02:30]} 1/2-1/2

[Event "Istanbul Open 2019"]
[Site "Istanbul"]
[Date "2019.08.30"]
[Round "6.19"]
[White "Menekse, Tuncay"]
[Black "Ulas, Berkay"]
[Result "0-1"]
[WhiteElo "1684"]
[BlackElo "1628"]
[Annotator "NA"]
[PlyCount "132"]
[EventDate "2019.08.26"]
[EventType "swiss"]
[EventCountry "TUR"]
[SourceTitle "playchess.com"]
[Source "ChessBase"]
[SourceQuality "1"]
[TimeControl "5400+30"]

1. d4 Nf6 2. c4 g6 3. Nf3 Bg7 4. g3 O-O 5. Bg2 c6 6. O-O d6 7. Nc3 Re8 8. e4 Qa5 9. Bd2 Qh5 10. Nh4 Qxd1 11. Raxd1 e5 12. dxe5 dxe5 13. a3 Be6 14. b3 Nbd7 15. Bg5 {[%emt 0:51:30]} Bf8 {[%emt 0:26:30]} 16. Bc1 {[%emt 0:00:30]} a5 {[%emt 0:10:30]} 17. Rfe1 {[%emt 0:01:30]} Nc5 {[%emt 0:02:30]} 18. b4 {[%emt 0:01:30]} axb4 {[%emt 0:00:30]} 19. axb4 {[%emt 0:00:30]} Na4 {[%emt 0:00:30]} 20. Nxa4 {[%emt 0:00:30]} Rxa4 {[%emt 0:00:30]} 21. b5 {[%emt 0:00:30]} Bxc4 {[%emt 0:01:30]} 22. bxc6 {[%emt 0:01:30]} bxc6 {[%emt 0:03:30]} 23. Bg5 {[%emt 0:00:30]} Kg7 {[%emt 0:01:30]} 24. Nf3 {[%emt 0:02:30]} h6 {[%emt 0:09:30]} 25. Bxf6+ {[%emt 0:01:30]} Kxf6 {[%emt 0:00:30]} 26. Rc1 {[%emt 0:00:30]} c5 {[%emt 0:02:30]} 27. Nd2 {[%emt 0:02:30]} Bd3 {[%emt 0:06:30]} 28. Bf1 {[%emt 0:02:30]} Bxf1 {[%emt 0:00:00]} 29. Kxf1 {[%emt 0:00:00]} Rd8 {[%emt 0:02:00]} 30. Rc2 {[%emt 0:01:00]} Rb8 {[%emt 0:14:30]} 31. f3 {[%emt 0:00:30]} h5 {[%emt 0:00:30]} 32. Kg2 {[%emt 0:00:30]} Rd4 {[%emt 0:02:30]} 33. Nc4 {[%emt 0:00:30]} Rb4 {[%emt 0:04:15]} 34. Ne3 {[%emt 0:00:30]} Rb3 {[%emt 0:01:10]} 35. Nd5+ {[%emt 0:01:30]} Ke6 {[%emt 0:00:26]} 36. Re3 {[%emt 0:00:30]} Rxe3 {[%emt 0:00:53]} 37. Nxe3 {[%emt 0:00:30]} Bh6 {[%emt 0:00:34]} 38. Nc4 {[%emt 0:00:30]} f6 {[%emt 0:00:24]} 39. Na5 {[%emt 0:00:30]} Rd2+ {[%emt 0:00:55]} 40. Rxd2 {[%emt 0:00:30]} Bxd2 {[%emt 0:00:30]} 41. Nc4 {[%emt 0:00:00]} Bc3 {[%emt 0:00:32]} 42. Kf2 {[%emt 0:01:00]} f5 {[%emt 0:05:36]} 43. h3 {[%emt 0:02:30]} Bd4+ {[%emt 0:02:05]} 44. Ke2 {[%emt 0:01:30]} Kf6 {[%emt 0:00:37]} 45. Nd6 {[%emt 0:00:30]} Kg5 {[%emt 0:01:26]} 46. Nf7+ {[%emt 0:00:30]} Kf6 {[%emt 0:00:06]} 47. Nd6 {[%emt 0:00:30]} fxe4 {[%emt 0:02:39]} 48. fxe4 {[%emt 0:00:30]} h4 {[%emt 0:02:57]} 49. g4 {[%emt 0:02:30]} Ke6 {[%emt 0:00:43]} 50. Nc4 {[%emt 0:00:00]} Kd7 {[%emt 0:00:44]} 51. Kd2 {[%emt 0:00:00]} Kc6 {[%emt 0:00:30]} 52. Kc2 {[%emt 0:00:30]} Kc7 {[%emt 0:01:35]} 53. Kd2 {[%emt 0:00:30]} Ba1 {[%emt 0:00:28]} 54. Kc2 {[%emt 0:00:30]} Kc6 {[%emt 0:00:45]} 55. Kb3 {[%emt 0:00:30]} Kb5 {[%emt 0:00:51]} 56. Nd2 {[%emt 0:04:30]} c4+ {[%emt 0:00:30]} 57. Nxc4 {[%emt 0:00:30]} Kc5 {[%emt 0:00:01]} 58. Nd2 {[%emt 0:03:30]} Kd4 {[%emt 0:01:01]} 59. Nf3+ {[%emt 0:00:30]} Kxe4 {[%emt 0:00:15]} 60. Nxh4 {[%emt 0:00:30]} g5 {[%emt 0:00:34]} 61. Nf5 {[%emt 0:00:30]} Kf3 {[%emt 0:00:48]} 62. Kc2 {[%emt 0:00:30]} e4 {[%emt 0:00:11]} 63. Kd2 {[%emt 0:00:30]} Be5 {[%emt 0:00:16]} 64. Ke1 {[%emt 0:01:30]} e3 {[%emt 0:00:34]} 65. Nxe3 {[%emt 0:03:30]} Kxe3 {[%emt 0:00:06]} 66. h4 {[%emt 0:00:00]} Bg3+ {[%emt 0:00:02]} 0-1

[Event "Istanbul Open 2019"]
[Site "Istanbul"]
[Date "2019.08.31"]
[Round "7.1"]
[White "Shanava, Konstantine"]
[Black "Kamer, Kayra"]
[Result "0-1"]
[WhiteElo "2496"]
[BlackElo "2306"]
[Annotator "TA"]
[PlyCount "58"]
[EventDate "2019.08.26"]
[EventType "swiss"]
[EventCountry "TUR"]
[SourceTitle "playchess.com"]
[Source "ChessBase"]
[SourceQuality "1"]

{[%evp 16,122,37,14,54,31,50,39,82,81,102,68,48,65,65,32,56,41,56,0,8,2,25,13,27,29,24,21,18,19,84,86,99,81,110,62,56,0,0,0,0,0,0,0,19,19,16,14,12,0,56,0,21,0,0,0,0,0,18,1,6,0,0,-8,-7,-14,0,-536,-534,-522,-520,-467,-465,-495,-523,-485,-444,-1070,-771,-768,-1047,-984,-782,-1671,-1577,-1495,-1322,-2005,-1763,-2592,-2304,-2022,-1756,-4419,-5019,-29974,-29975,-29974,-29968,-29976,-29977,-29979,-29980,-29979,-29979,-29979,-29980,-29979,-29980]} 1. e4 c5 2. Nf3 e6 3. d4 cxd4 4. Nxd4 a6 5. Nc3 b5 6. Bd3 Qb6 7. Nb3 Qc7 8. O-O Nf6 9. Qe2 Bb7 {B43: Sicilian: Kan Variation: 5 Nc3} 10. f4 (10. e5 $5 {[%cal Re5f6]} b4 11. exf6 bxc3 12. fxg7 Bxg7 13. Rb1 $14) (10. e5 Nd5 11. Nxd5 Bxd5 12. a4 b4 13. Re1 h6 14. Bf4 Be7 15. Rad1 Bc6 16. Nd4 Bb7 17. Nf5 {1-0 (51) Najer,E (2663)-Ponizil,C (2494) Czech Republic 2019}) 10... b4 11. Nd1 d5 {[%cal Rd5e4] White is slightly better.} 12. e5 Nfd7 13. f5 $146 ({Predecessor:} 13. Be3 Nc6 14. Nf2 Be7 15. Rae1 g6 16. Kh1 h5 17. Nh3 {1-0 (64) Laznicka,V (2478)-Zawadzki,S (2398) Litomysl 2005}) 13... Nxe5 14. fxe6 fxe6 15. Bf4 Nbc6 16. Ne3 {[%mdl 1024] Threatens to win with Ng4. White has compensation.} Bd6 $1 17. Qh5+ g6 $132 {[%mdl 2048] Black puts up resistance} 18. Qh3 Qd7 19. Bg5 {Ng4 is the strong threat.} Be7 ({Much weaker is} 19... Nxd3 $6 20. Ng4 $16) 20. Bxe7 Qxe7 21. Ng4 Nxg4 22. Qxg4 Rf8 (22... Bc8 $11) 23. Rxf8+ $16 Kxf8 24. Bxg6 $1 Kg7 25. Bf5+ Kh8 26. Bxe6 ({White should try} 26. Re1 $14 e5 27. Be6) 26... Re8 $1 $11 27. Rf1 $1 {[%cal Rf1f7] Black must now prevent Rf7!} Ne5 ({But not} 27... Qxe6 $2 28. Rf8+ $1 {[%mdl 512]} Rxf8 29. Qxe6 $18) 28. Qh5 $1 Qxe6 29. Nc5 {[%mdl 64] Double Attack} Qc6 {Played: Qe6-g6} 0-1